| 000 | 00404nam a22001457a 4500 | ||
|---|---|---|---|
| 003 | MACL | ||
| 005 | 20200721120050.0 | ||
| 008 | 200721b xxu||||| |||| 00| 0 eng d | ||
| 040 | _cMACL | ||
| 100 |
_aPurkayastha,Sudip Kar _979100 |
||
| 245 | _aOn The Road To Freedom Footprints on indian History 1877-1936 | ||
| 260 |
_aNew Delhi _bVitasta Pub. _c2018 |
||
| 650 |
_aIndian History _9227 |
||
| 942 |
_2ddc _cBK |
||
| 999 |
_c62722 _d62722 |
||